| 000 | 00835cab a2200217 4500 | ||
|---|---|---|---|
| 001 | WB3520-37 | ||
| 008 | 090401t1999 xxu||||| |||| 00| 0 eng d | ||
| 035 | _a(Sirsi) u93575 | ||
| 041 | _aeng | ||
| 245 | _aStrategy criticised for `lack of clarity` | ||
| 260 | _c1999 | ||
| 350 | _a0 | ||
| 490 |
_aPlanning (for the Natural and Built Environment) _v(1319) 21 May 1999, 3(1) |
||
| 520 | _aReports on discussions of the draft regional planning guidance (RPG) for the south east at the RPG public examination. Some participants felt it to be 'lacking the necessary force and clarity to help create sustainable growth' and asked for more coherence and specificity. | ||
| 650 | _aREGIONAL PLANNING GUIDANCE | ||
| 650 | _aRPG | ||
| 650 | _aSOUTH EAST | ||
| 690 | _aPLANNING LAW AND PRACTICE | ||
| 942 | _n0 | ||
| 948 | _c26/05/1999 | ||
| 999 |
_c59300 _d59300 |
||